| 000 | 02181nam0a2200325 4500 | ||
|---|---|---|---|
| 001 | RU\NLR\bibl\1509803 | ||
| 005 | 20260407225040.0 | ||
| 035 | _a(nilc)LIBNET\0000025821 | ||
| 035 | _a(NLR Aleph) 001501203 | ||
| 090 |
_a1795887 _c1795887 |
||
| 100 | _a20100426d2010 |||y0rusy50 ca | ||
| 101 | 0 | _arus | |
| 102 | _aRU | ||
| 105 | _ay ||||||||| | ||
| 200 | 1 |
_aО состоянии и мерах по развитию инфраструктуры морского и речного транспорта, внутренних водных путей в районах Крайнего Севера и приравненных к ним местностях _eматериалы "круглого стола", 17 декабря 2009 года |
|
| 210 |
_aМосква _cИздание Совета Федерации _d2010 |
||
| 215 |
_a64, [1] с. _cтабл. _d30 |
||
| 300 | _aВ надзаг.: Совет Федерации Федер. собрания Рос. Федерации, Ком. Совета Федерации по делам Севера и малочисл. народов | ||
| 606 | 1 |
_aМорской транспорт _jСъезды, совещания и т.п. _yРоссийская Федерация _yСевер _92601166 _3RU\NLR\auth\661537724 |
|
| 606 | 1 |
_aРечной транспорт _jСъезды, совещания и т.п. _yРоссийская Федерация _yСевер _92601167 _3RU\NLR\auth\661537725 |
|
| 686 |
_a65.374-112 _vLBC/M _2rubbk |
||
| 686 | _aУ37(2)46(2Р1)я431 | ||
| 686 | _aУ37(2)45(2Р1)я431 | ||
| 711 | 1 | 2 |
_aКруглый стол на тему "О состоянии и мерах по развитию инфраструктуры морского и речного транспорта, внутренних водных путей в районах Крайнего Севера и приравненных к ним местностях" _eМосква _f2009 _9802246 _3RU\NLR\AUTH\8810153560 |
| 801 | 0 |
_aRU _bМурманская ГОУНБ _c20100426 _grcr |
|
| 801 | 1 |
_aRU _bМурманская ГОУНБ _c20100426 |
|
| 801 | 2 |
_aRU _bNLR _c20100512 _grcr |
|
| 942 | _cBOOK | ||
| 980 | _aNB | ||